| 000 | 00636cam a22002171 4500 | ||
|---|---|---|---|
| 001 | sa 68000958 | ||
| 003 | DLC | ||
| 005 | 20260227112428.0 | ||
| 008 | 710903s1967 ii ac 00010 eng | ||
| 010 | _asa 68000958 //r912 | ||
| 025 | _aPL480:I-E-9188 | ||
| 040 |
_aDLC _cDLC _dDLC |
||
| 050 | 0 | 0 |
_aUA842 _b.M3 |
| 082 | 0 | 0 |
_a355/.00954 _220 |
| 100 | 0 | 0 |
_aMan Singh, _cMaharaja of Jaipur, _d1911-1970. |
| 245 | 1 | 2 |
_aA history of the Indian state forces _c[by] the Maharaja of Jaipur. |
| 260 | 0 |
_aBombay, _bOrient Longmans _c[1967] |
|
| 300 |
_axxiv, 122 p. _billus., port. _c22 cm. |
||
| 350 | _aRs20 | ||
| 610 | 1 | 0 |
_aIndia. _bArmy _xHistory. |
| 999 |
_c77581 _d77581 |
||